デューイとその時代 = Dewey and its era
Сохранить в:
| Главный автор: | |
|---|---|
| Формат: | |
| Язык: | Undetermined |
| Опубликовано: |
長宗泰造
1984
|
| Предметы: | |
| Метки: |
Добавить метку
Нет меток, Требуется 1-ая метка записи!
|
| Thư viện lưu trữ: | Trung tâm Học liệu Trường Đại học Cần Thơ |
|---|
| LEADER | 00525nam a2200181Ia 4500 | ||
|---|---|---|---|
| 001 | CTU_232236 | ||
| 008 | 210402s9999 xx 000 0 und d | ||
| 082 | |a 371.253 | ||
| 082 | |b T227 | ||
| 100 | |a Taura, Takeo | ||
| 245 | 0 | |a デューイとその時代 = | |
| 245 | 0 | |b Dewey and its era | |
| 245 | 0 | |c Takeo Taura ( 武雄 田浦 ) | |
| 260 | |b 長宗泰造 | ||
| 260 | |c 1984 | ||
| 650 | |a Khả năng học tập,Learning ability | ||
| 910 | |a Tuyến | ||
| 980 | |a Trung tâm Học liệu Trường Đại học Cần Thơ | ||